Statistics for Countries X Ambassadors has Visited

Click here to take the quiz!

General Stats

  • This quiz has been taken 13 times
  • The average score is 19 of 21

Answer Stats

ContinentCountry% Correct
OceaniaAustralia
100%
North AmericaCanada
100%
AsiaChina
100%
EuropeFrance
100%
EuropeGermany
100%
EuropeItaly
100%
Asia/ EuropeRussia
100%
EuropeSweden
100%
EuropeSwitzerland
100%
EuropeUnited Kingdom
100%
North AmericaUnited States of America
100%
EuropeHungary
89%
AsiaJapan
89%
EuropeSpain
89%
EuropeUkraine
89%
North AmericaMexico
78%
EuropePoland
78%
EuropeNetherlands
67%
EuropeSlovakia
67%
EuropeCzech Republic
56%
EuropeLuxembourg
56%

Score Distribution

Percentile by Number Answered

Percent of People with Each Score

Your Score History

You have not taken this quiz